000 00716nam a2200241Ia 4500
003 OSt
005 20220918223536.0
006 a|||||r|||| 00| 0
007 ta
008 220917b |||||||| |||| 00| 0 eng d
024 _a223,444
037 _cTextual
040 _aARTS
_cARTS
_beng
041 _2eng
_aeng
082 _aO111,3:g(U8), P2
100 _aEspen Hal Ed.
_9145991
245 0 _aOutside twenty-five
_b Classic tales and new voices from the frontiers of adventure
260 _aNew York
_bW.W. Norton & co.
_c2002
300 _axiv, 598p
_ccm.
650 _aENGLISH LITERATURE; TRAVEL
_932557
942 _hO111,3:g(U8), P2
_cTEXL
_2CC
999 _c278763
_d278763